[Event "AUTO-OPEN-866"]
[Site "http://www.queenalice.com/game.php?id=286519"]
[Date "2007.10.15"]
[Round "1"]
[White "armis"]
[Black "colorado"]
[Result "1-0"]
[WhiteElo "1773"]
[BlackElo "1572"]

1. e4 e5 2. Nf3 f6 3. Nxe5 fxe5 4. Qh5+ g6 5. Qxe5+ Qe7 6. Qxh8 Qxe4+ 7. Kd1 Ne7
8. Qxh7 d5 9. f3 Qe5 10. Bb5+ c6 11. Re1 Qg7 12. Qxg7 Bxg7 13. Bf1 a5 14. c3 b5
15. d4 b4 16. Bg5 Bf8 17. Bd3 Bf5 18. Bxf5 gxf5 19. Kc2 Kd7 20. Bxe7 Bxe7 21.
Nd2 Na6 22. Re5 Rf8 23. Rae1 Rf7 24. c4 Bd6 25. cxd5 c5 26. Re6 Nc7 27. dxc5
Bxc5 28. Nc4 Kd8 29. Rc6 Re7 30. Rxe7 Bxe7 31. Rxc7 Kxc7 32. d6+ Bxd6 33. Nxd6
Kxd6 34. Kd3 Kc5 35. b3 Kb5 36. h4 a4 37. h5 axb3 38. axb3 Kc5 39. h6 f4 40. h7
Kd5 41. h8=Q Kd6 42. Kd4 1-0

[Event "AUTO-OPEN-866"]
[Site "http://www.queenalice.com/game.php?id=286520"]
[Date "2007.10.15"]
[Round "1"]
[White "colorado"]
[Black "armis"]
[Result "0-1"]
[WhiteElo "1612"]
[BlackElo "1653"]

1. e4 c5 2. Qf3 Nc6 3. Bc4 Ne5 4. Qc3 Nxc4 5. Qxc4 e6 6. Nc3 d6 7. Qb5+ Qd7 8.
a4 Nf6 9. f3 Be7 10. g4 a6 11. Qc4 d5 12. exd5 exd5 13. Qe2 O-O 14. g5 Re8 15.
Kd1 Nh5 16. d3 Bxg5 17. Qg2 Bxc1 18. Kxc1 Re1+ 19. Nd1 Qe7 20. h4 Bf5 21. Nh3
Bxh3 22. Qxh3 Nf4 23. Qh2 Qe2 24. Kb1 Qxd1+ 25. Ka2 Qxa1+ 26. Kb3 c4+ 27. dxc4
dxc4+ 28. Kc3 Nd5+ 29. Kd4 Qd1+ 30. Kxc4 Rc8+ 31. Kb3 Re3+ 32. Ka2 Nb4# 0-1

[Event "Challenge #6"]
[Site "http://www.queenalice.com/game.php?id=299361"]
[Date "2007.11.6"]
[Round "-"]
[White "Kirkland"]
[Black "armis"]
[Result "0-1"]
[WhiteElo "2290"]
[BlackElo "1925"]

1. d4 Nf6 2. c4 g6 3. Nc3 d5 4. cxd5 Nxd5 5. e4 Nxc3 6. bxc3 Bg7 7. Bc4 c5 8.
Ne2 Nc6 9. Be3 O-O 10. O-O Bg4 11. f3 Na5 12. Bxf7+ Rxf7 13. fxg4 Rxf1+ 14. Kxf1
cxd4 15. cxd4 e5 16. d5 Nc4 17. Qd3 b5 18. Kg1 Nxe3 19. Qxe3 Bf8 20. Rd1 Qb6 21.
Qxb6 axb6 22. Rd2 Bb4 23. Rc2 Bc5+ 24. Kh1 Ra4 0-1

[Event "AUTO-MASTER-415"]
[Site "http://www.queenalice.com/game.php?id=303652"]
[Date "2007.11.14"]
[Round "1"]
[White "JulioCG"]
[Black "armis"]
[Result "0-1"]
[WhiteElo "1959"]
[BlackElo "2053"]

1. e4 c5 2. Nf3 d6 3. Bc4 Nf6 4. Nc3 e6 5. a3 Be7 6. Bb5+ Nbd7 7. d4 a6 8. Bxd7+
Qxd7 9. dxc5 dxc5 10. Qxd7+ Bxd7 11. Be3 Bc6 12. Nd2 b5 13. e5 Ng4 14. Bf4 g5
15. Bg3 h5 16. h3 Bxg2 17. O-O-O Bxh1 18. Rxh1 Nh6 19. Nde4 Nf5 20. Rd1 Rd8 21.
Rxd8+ Kxd8 22. f4 Nxg3 23. Nxg3 gxf4 0-1

[Event "AUTO-MASTER-415"]
[Site "http://www.queenalice.com/game.php?id=303653"]
[Date "2007.11.14"]
[Round "1"]
[White "armis"]
[Black "JulioCG"]
[Result "1-0"]
[WhiteElo "2096"]
[BlackElo "1959"]

1. e4 c5 2. Nf3 Nc6 3. Bb5 d6 4. O-O Bd7 5. Re1 a6 6. Bxc6 Bxc6 7. d4 cxd4 8.
Qxd4 Nf6 9. Nc3 e5 10. Qd3 Be7 11. Bg5 O-O 12. Rad1 h6 13. Bxf6 Bxf6 14. Qxd6
Qxd6 15. Rxd6 Rfd8 16. Red1 Rxd6 17. Rxd6 Kf8 18. Kf1 Ke7 19. Rd1 g5 20. Nd5+
Bxd5 21. Rxd5 Rd8 22. Rxd8 Kxd8 23. g4 Kd7 24. Ke2 Kd6 25. Kd3 b5 26. a4 Bd8 27.
axb5 axb5 28. Nd2 Bb6 29. Ke2 Kc5 30. Nf1 Kb4 31. Ne3 Bxe3 32. Kxe3 Kc4 33. Kd2
Kd4 34. f3 Kc4 35. Ke3 f6 36. h3 b4 37. Kd2 b3 38. cxb3+ Kxb3 39. Kc1 1-0

[Event "AUTO-MASTER-415"]
[Site "http://www.queenalice.com/game.php?id=303664"]
[Date "2007.11.14"]
[Round "1"]
[White "Parma"]
[Black "armis"]
[Result "0-1"]
[WhiteElo "1859"]
[BlackElo "2228"]

1. d4 Nf6 2. c4 g6 3. Nf3 Bg7 4. e3 c5 5. Nc3 O-O 6. Be2 cxd4 7. Nxd4 d5 8. O-O
dxc4 9. Bxc4 a6 10. a4 Qc7 11. Qe2 e5 12. Nf3 Nc6 13. Rd1 e4 14. Nd4 Ne5 15. Ba2
Bg4 16. Qf1 Bxd1 17. Nxd1 Nd3 18. Nc3 Rfe8 19. Nxe4 Nxe4 20. Qxd3 Rac8 21. Bd5
Qxc1+ 22. Rxc1 Rxc1+ 23. Qf1 Rxf1+ 24. Kxf1 Bxd4 25. Bxe4 Rxe4 26. exd4 Rxd4 27.
Ke2 Rxa4 28. Kd3 Kg7 29. h3 Kf6 30. g4 Rb4 0-1

[Event "AUTO-MASTER-415"]
[Site "http://www.queenalice.com/game.php?id=303665"]
[Date "2007.11.14"]
[Round "1"]
[White "armis"]
[Black "Parma"]
[Result "1-0"]
[WhiteElo "2225"]
[BlackElo "1861"]

1. e4 c5 2. Nf3 e6 3. d4 cxd4 4. Nxd4 Nf6 5. Nc3 Bb4 6. e5 Nd5 7. Qg4 O-O 8. Bh6
Bxc3+ 9. bxc3 g6 10. Bxf8 Qxf8 11. Bd3 Nxc3 12. O-O d5 13. Nb5 Nxb5 14. Bxb5 a6
15. Bd3 Nc6 16. Qf4 Nb4 17. h4 Nxd3 18. cxd3 b5 19. Rfc1 Qa3 20. Rc7 Qf8 21.
Rac1 Qe8 22. h5 Bd7 23. hxg6 fxg6 24. Qb4 a5 25. Qd6 Rd8 26. d4 b4 27. Rb7 1-0

[Event "AUTO-MASTER-415"]
[Site "http://www.queenalice.com/game.php?id=303670"]
[Date "2007.11.14"]
[Round "1"]
[White "JimMorrisson"]
[Black "armis"]
[Result "0-1"]
[WhiteElo "2195"]
[BlackElo "2188"]

1. e4 c5 2. Nf3 d6 3. d4 Nf6 4. Nc3 cxd4 5. Nxd4 a6 6. Bg5 e6 7. f4 Be7 8. Qf3
Qc7 9. O-O-O Nbd7 10. Bd3 h6 11. Bh4 g5 12. fxg5 Ne5 13. Qe2 Nfg4 14. Nf3 Nxf3
15. gxf3 hxg5 16. Bg3 Ne5 17. Kb1 Bd7 18. f4 gxf4 19. Bxf4 O-O-O 20. Rhf1 Rdf8
21. Bg3 Kb8 22. Rf2 Bh4 23. Rdf1 Bxg3 24. hxg3 Rh3 25. Nd1 Rxg3 26. Ne3 Rxe3 27.
Qxe3 Ng4 28. Qg3 Nxf2 29. Rxf2 Bc6 30. Qg7 Qe7 31. Bc4 Bxe4 32. a4 d5 33. Bd3
Bxd3 34. cxd3 Kc8 35. Rc2+ Kb8 36. Qe5+ Ka8 37. Rc7 Qd8 38. Qc3 Kb8 39. Rc5 Qd6
40. Qb4 Rd8 41. a5 f5 42. d4 f4 43. Qa3 e5 44. dxe5 Qxe5 45. Rc3 d4 46. Rd3 Qe4
47. Ka1 Rd5 48. Ka2 Ka7 0-1

[Event "AUTO-MASTER-415"]
[Site "http://www.queenalice.com/game.php?id=303671"]
[Date "2007.11.14"]
[Round "1"]
[White "armis"]
[Black "JimMorrisson"]
[Result "1-0"]
[WhiteElo "2142"]
[BlackElo "2199"]

1. e4 c5 2. Nf3 Nc6 3. Bb5 e6 4. O-O Nd4 5. Nxd4 cxd4 6. c3 a6 7. Ba4 b5 8. Bc2
Bc5 9. b4 Bb6 10. Bb2 Qf6 11. a4 Bb7 12. axb5 axb5 13. Rxa8+ Bxa8 14. Qe2 Bc6
15. Na3 Qe5 16. Bd3 Nf6 17. c4 Nh5 18. g3 Qg5 19. c5 Bc7 20. Nxb5 Bxb5 21. Bxb5
Nf4 22. Qf3 e5 23. Ra1 Ne6 24. Ra8+ Bd8 25. Ra7 O-O 26. Qd1 Nc7 27. Bxd7 h5 28.
b5 Qe7 29. Bc6 Qxc5 30. Qa4 Ne6 31. Ba3 Qb6 32. Bxf8 Kxf8 33. Qa6 Qc5 34. Qb7
1-0

[Event "Challenge"]
[Site "http://www.queenalice.com/game.php?id=354463"]
[Date "2008.2.14"]
[Round "-"]
[White "armis"]
[Black "chessprm"]
[Result "1-0"]
[WhiteElo "2243"]
[BlackElo "2176"]

1. e4 e5 2. Nf3 Nf6 3. Nxe5 d6 4. Nf3 Nxe4 5. d4 d5 6. Bd3 Be7 7. O-O Nc6 8. c4
Nb4 9. Be2 O-O 10. Nc3 Bf5 11. a3 Nxc3 12. bxc3 Nc6 13. cxd5 Qxd5 14. c4 Qd6 15.
d5 Ne5 16. Nd4 Bd7 17. a4 c5 18. Nb5 Bxb5 19. axb5 Bf6 20. Be3 Rfe8 21. Ra4 Ng6
22. g3 Bd4 23. Bxd4 cxd4 24. Qd2 Qc5 25. Rd1 Rad8 26. Kf1 d3 27. Qxd3 Ne5 28.
Qd4 Qxd4 29. Rxd4 Ra8 30. c5 1-0

[Event "AUTO-OPEN-866"]
[Site "http://www.queenalice.com/game.php?id=356563"]
[Date "2008.2.18"]
[Round "2"]
[White "ramongarcia"]
[Black "armis"]
[Result "1/2-1/2"]
[WhiteElo "2236"]
[BlackElo "2229"]

1. e4 c5 2. Nc3 Nc6 3. g3 g6 4. Bg2 Bg7 5. Nge2 d6 6. d3 Nf6 7. h3 O-O 8. Be3
Rb8 9. Qd2 b5 10. O-O b4 11. Nd1 a5 12. f4 Bb7 13. a3 Qb6 14. Bf2 Nd4 15. Nxd4
cxd4 16. axb4 axb4 17. c3 bxc3 18. bxc3 Nd7 19. cxd4 Bxd4 20. Ra4 Bxf2+ 21. Nxf2
Bc6 22. Rc4 Nc5 23. d4 Nb3 1/2-1/2

[Event "AUTO-OPEN-866"]
[Site "http://www.queenalice.com/game.php?id=356564"]
[Date "2008.2.18"]
[Round "2"]
[White "armis"]
[Black "ramongarcia"]
[Result "1/2-1/2"]
[WhiteElo "2230"]
[BlackElo "2215"]

1. e4 e5 2. Nf3 Nc6 3. Bb5 a6 4. Ba4 Nf6 5. O-O b5 6. Bb3 Be7 7. Re1 d6 8. c3
Na5 9. Bc2 c5 10. d4 Nc6 11. d5 Na5 12. Nbd2 O-O 13. b3 Qc7 14. Nf1 c4 15. b4
Nb7 16. Ng3 Bd7 17. Nf5 Bxf5 18. exf5 Qd7 19. Ng5 a5 1/2-1/2

[Event "AUTO-MASTER-415"]
[Site "http://www.queenalice.com/game.php?id=365674"]
[Date "2008.3.4"]
[Round "2"]
[White "malecar"]
[Black "armis"]
[Result "1/2-1/2"]
[WhiteElo "2026"]
[BlackElo "2272"]

1. e4 c5 2. Nf3 d6 3. d4 cxd4 4. Nxd4 Nf6 5. Nc3 a6 6. f4 e5 7. Nf3 Nbd7 8. fxe5
dxe5 9. Bg5 Be7 10. Bc4 b5 11. Bxf6 Nxf6 12. Qxd8+ Bxd8 13. Bb3 Bc7 14. O-O-O
O-O 15. Nd5 Nxd5 16. Bxd5 Ra7 17. h3 g6 18. Rhf1 Kg7 19. g4 f6 20. Rd3 Bb6 21.
Rfd1 Rc7 22. a3 Rh8 23. Bb3 Bc5 24. Rc3 Bb6 25. Rcd3 h5 26. g5 fxg5 27. Nxg5 Rf8
28. h4 Bd4 1/2-1/2

[Event "AUTO-MASTER-415"]
[Site "http://www.queenalice.com/game.php?id=365675"]
[Date "2008.3.4"]
[Round "2"]
[White "armis"]
[Black "malecar"]
[Result "1-0"]
[WhiteElo "2261"]
[BlackElo "2058"]

1. e4 e5 2. Nf3 Nc6 3. Bb5 a6 4. Ba4 Nf6 5. O-O Be7 6. Re1 b5 7. Bb3 Bb7 8. d3
h6 9. a4 Na5 10. Ba2 O-O 11. Nxe5 d6 12. Nf3 c5 13. Nbd2 Nc6 14. Nf1 Ne5 15. Ne3
g6 16. Nxe5 dxe5 17. Ng4 Nxg4 18. Qxg4 Bc8 19. Qxg6+ Kh8 20. Qxh6+ Kg8 21. Re3
1-0

[Event "AUTO-MASTER-415"]
[Site "http://www.queenalice.com/game.php?id=365676"]
[Date "2008.3.4"]
[Round "2"]
[White "Chuzete"]
[Black "armis"]
[Result "1-0"]
[WhiteElo "2343"]
[BlackElo "2262"]

1. d4 Nf6 2. c4 g6 3. Nc3 c5 4. d5 Bg7 5. Nf3 d6 6. g3 e6 7. Bg2 exd5 8. cxd5
O-O 9. O-O Re8 10. Nd2 Nbd7 11. h3 a6 12. a4 Rb8 13. Nc4 Ne5 14. Na3 Nh5 15. e4
Bd7 16. g4 b5 17. axb5 axb5 18. Naxb5 Bxb5 19. Nxb5 Rxb5 20. gxh5 Qh4 21. h6
Bxh6 22. Bxh6 Qxh6 23. f4 Nd7 24. Ra7 Nb6 25. b3 Qg7 26. e5 dxe5 27. fxe5 1-0

[Event "AUTO-MASTER-415"]
[Site "http://www.queenalice.com/game.php?id=365677"]
[Date "2008.3.4"]
[Round "2"]
[White "armis"]
[Black "Chuzete"]
[Result "1-0"]
[WhiteElo "2230"]
[BlackElo "2343"]

1. e4 c5 2. Nf3 d6 3. d4 cxd4 4. Nxd4 Nf6 5. Nc3 a6 6. Be2 e5 7. Nb3 Be7 8. O-O
O-O 9. Kh1 Be6 10. f4 Qc7 11. f5 Bc4 12. g4 h6 13. h4 d5 14. g5 hxg5 15. hxg5
Nxe4 16. Nxe4 dxe4 17. f6 Bb4 18. Bxc4 Qxc4 19. Be3 Rc8 20. Qh5 g6 21. Qh3 Qe6
22. Qg2 a5 23. c3 a4 24. Nd2 Bf8 25. a3 Nc6 26. Qg3 Rd8 27. Rf2 Rac8 28. Qh4 1-0